000 00533nam a22001817a 4500
003 KOHA_MİRAKIL
005 20251221173626.0
008 251221b tu ||||| |||| 00| 0 tur d
020 _a9786051966618
040 _aTR-AnABB
_btur
_cTR-AnABB
041 _atur
082 _a297.7
_bTAS 2021
245 1 0 _aTasavvuf kitaplarındaki hadislerin sıhhati hakkında iki Osmanlı aliminin münazarası /
260 _aİstanbul :
_bÇizgi Kitabevi,
_c2021
300 _a438 sayfa ;
_c24 cm
650 0 4 _aİslam
942 _2ddc
_cBK
999 _c9890
_d9890
900 _bGizem YORULMAZ